000
00269nam a2200097Ia 4500
008
241105s9999 xx 000 0 und d
041
_a
eng
100
_a
AmdekarJuili P
_9
182928
245
_a
Student Centre At Savitribai Phule Pune University
260
_b
BNCA, Pune
_c
2016
999
_c
361221
_d
361221